ՀՀ Գիտությունների ազգային ակադեմիայի հիմնարար գիտական գրադարան  =   Fundamental Scientific Library of NAS RA

Жизнеописания наиболее знаменитых живописцев, ваятелей и зодчих : (Record no. 533351)

MARC details
000 -LEADER
fixed length control field 01551nam a2200277 a 4500
001 - CONTROL NUMBER
control field 1406056
003 - CONTROL NUMBER IDENTIFIER
control field AM-YEHGA
005 - DATE AND TIME OF LATEST TRANSACTION
control field 20250617165024.0
008 - FIXED-LENGTH DATA ELEMENTS--GENERAL INFORMATION
fixed length control field 180926s1933 ru a|||gr|||||||||0|rus||
040 ## - CATALOGING SOURCE
Original cataloging agency AM-YeHGA
041 1# - LANGUAGE CODE
Language code of text/sound track or separate title rus
Language code of original ita
090 ## - LOCALLY ASSIGNED LC-TYPE CALL NUMBER (OCLC); LOCAL CALL NUMBER (RLIN)
-- 572370
100 1# - MAIN ENTRY--PERSONAL NAME
Personal name Вазари, Джорджо,
Dates associated with a name 1511-1574
245 10 - TITLE STATEMENT
Title Жизнеописания наиболее знаменитых живописцев, ваятелей и зодчих :
Number of part/section of a work Т. 1-2 /
Statement of responsibility, etc. Переведенные с итальянского и комментированные А. Дживелеговым и А. Эфросом ; Предисл. А.В. Луначарского ; Ред. А. Дживелегова и А. Эфроса.
260 ## - PUBLICATION, DISTRIBUTION, ETC.
Place of publication, distribution, etc. Москва ;
-- Ленинград :
Name of publisher, distributor, etc. Academia,
Date of publication, distribution, etc. [1933].
300 ## - PHYSICAL DESCRIPTION
Extent том ;
Dimensions 18 см.
490 0# - SERIES STATEMENT
Series statement Памятники искусства и художественного быта.
500 ## - GENERAL NOTE
General note В пер.
505 00 - FORMATTED CONTENTS NOTE
Miscellaneous information Т. 1 (1933; 445 с. : 12 л. ил.) ;
-- Т. 2 (1933; 468 с. : 17 л. ил.)
650 14 - SUBJECT ADDED ENTRY--TOPICAL TERM
Topical term or geographic name entry element Итальянская архитектура
General subdivision История
650 14 - SUBJECT ADDED ENTRY--TOPICAL TERM
Topical term or geographic name entry element Итальянское изобразительное искусство
General subdivision История
700 1# - ADDED ENTRY--PERSONAL NAME
Personal name Луначарский, Анатолий Васильевич
Relator term авт. предисл.
Relationship aui
700 1# - ADDED ENTRY--PERSONAL NAME
Personal name Дживелегов, Алексей Карпович
Relator term ред.
Relationship edt
Relator term коммент.
Relationship cmm
700 1# - ADDED ENTRY--PERSONAL NAME
Personal name Эфрос, Абрам Маркович
Relator term ред.
Relationship edt
Relator term коммент.
Relationship cmm
942 ## - ADDED ENTRY ELEMENTS (KOHA)
Source of classification or shelving scheme Universal Decimal Classification
Koha item type Գրքեր / Books
Holdings
Withdrawn status Lost status Source of classification or shelving scheme Damaged status Not for loan Collection Home library Current library Date acquired Serial enumeration / chronology Total checkouts Full call number Barcode Date last seen Price effective from Koha item type Public note
    Universal Decimal Classification     Kusikian Individual Collection Fundamental Scientific Library Fundamental Scientific Library 27/02/2025 Т. 1   Кус/1410 FL0689331 27/02/2025 27/02/2025 Գրքեր / Books ILL Non-Circ.
    Universal Decimal Classification     Khanzadian Individual Collection Fundamental Scientific Library Fundamental Scientific Library 27/02/2025 Т. 1   Кус/1411 FL0689332 27/02/2025 27/02/2025 Գրքեր / Books ILL Non-Circ.


ՀՀ ԳԱԱ հիմնարար գիտական գրադարան
ՀՀ,Երևան 0019
Մարշալ Բաղրամյան 24/6
հեռախոս:(374-10) 52-47-50
Հետադարձ կապ

All site content, except where otherwise noted, is licensed under a
Creative Commons License